000 01494nam0a2200373 4500
001 RU\NLR\bibl\1080428
005 20260405162432.0
010 _a978-5-9524-2716-7
_97000
021 _aRU
_b2007-19039
_91011
035 _a(nilc)RSL-KNO-003086935
035 _a(NLR Aleph) 001067613
090 _a978256
_c978256
100 _a20070404d2007 |||y0rusy50 ca
101 0 _arus
102 _aRU
105 _ay |||||||||
200 1 _aВторжение между ног. Правила съема
_fМаксим Сырбу, Дмитрий Новиков, Денис Евсеев
210 _aМосква
_cЦентрполиграф
_d2007
215 _a206, [1] с.
_d21
225 1 _aSexpistols
_eкнига-провокация
300 _aНа обл. авт. не указаны
517 0 _aПравила съема
610 0 _aПсихология --- Общая психология -- Психология личности -- Психология пола
686 _aЮ937.3,0
_2rubbk
700 1 _aСырбу
_bМ. В.
_gМаксим Викторович
_4070
701 1 _4070
_7ca
_8rus
_aНовиков
_bД. Б.
_cпсихолог
_gДмитрий Борисович
_951650
_3RU\NLR\AUTH\7768722
701 1 _aЕвсеев
_bД. В.
_gДенис Владимирович
_4070
801 0 _aRU
_bРКП
_c20070404
_grcr
801 1 _aRU
_bРГБ
_c20070404
801 2 _aRU
_bNLR
_c20070502
_grcr
942 _cBOOK
980 _aNB